A feast for crows / (Record no. 21888)

MARC details
000 -LEADER
fixed length control field 01301cam a22003135a 4500
001 - CONTROL NUMBER
control field 013499411
003 - CONTROL NUMBER IDENTIFIER
control field EG-ScBUE
005 - DATE AND TIME OF LATEST TRANSACTION
control field 20210105151020.0
008 - FIXED-LENGTH DATA ELEMENTS--GENERAL INFORMATION
fixed length control field 060509s2011 enkb g 000 f eng d
020 ## - INTERNATIONAL STANDARD BOOK NUMBER
International Standard Book Number 9780006486121 (pbk.)
040 ## - CATALOGING SOURCE
Original cataloging agency StDuBDS
Language of cataloging eng
Description conventions rda
Transcribing agency StDuBDS
Modifying agency Uk
-- EG-ScBUE
082 04 - DEWEY DECIMAL CLASSIFICATION NUMBER
Classification number 813.54
Item number MAR
Edition number 22
100 1# - MAIN ENTRY--PERSONAL NAME
Personal name Martin, George R. R.,
Relator term author.
245 12 - TITLE STATEMENT
Title A feast for crows /
Statement of responsibility, etc George R. R. Martin.
264 #1 - PUBLICATION, DISTRIBUTION, ETC. (IMPRINT)
Place of publication, distribution, etc London :
Name of publisher, distributor, etc Harper Voyager / Harper Collins,
Date of publication, distribution, etc 2011.
300 ## - PHYSICAL DESCRIPTION
Extent 849 pages :
Other physical details maps ;
Dimensions 18 cm.
336 ## - CONTENT TYPE
Content type term text
Content type code txt
Source rdacontent
337 ## - MEDIA TYPE
Media type term unmediated
Media type code n
Source rdamedia
338 ## - CARRIER TYPE
Carrier type term volume
Carrier type code nc
Source rdacarrier
490 0# - SERIES STATEMENT
Series statement Song of ice and fire ;
Volume number/sequential designation book 4
500 ## - GENERAL NOTE
General note Originally published: 2005.
520 ## - SUMMARY, ETC.
Summary, etc While the remaining northern lords war endlessly with each other and the ironmen of the isles attack the Dreadfort, Sansa becomes a skilled player in the game of thrones with Littlefinger as her mentor, Arya a skilled assassin, and Bran a magician and shapeshifter of great power.
650 #7 - SUBJECT ADDED ENTRY--TOPICAL TERM
Topical term or geographic name as entry element Seven Kingdoms (Imaginary place)
Form subdivision Fiction.
Source of heading or term BUEsh
9 (RLIN) 40176
650 #7 - SUBJECT ADDED ENTRY--TOPICAL TERM
Topical term or geographic name as entry element Imaginary wars and battles.
Source of heading or term BUEsh
650 #7 - SUBJECT ADDED ENTRY--TOPICAL TERM
Topical term or geographic name as entry element Kings and rulers
Form subdivision Fiction.
Source of heading or term BUEsh
651 ## - SUBJECT ADDED ENTRY--GEOGRAPHIC NAME
Source of heading or term BUEsh
653 ## - INDEX TERM--UNCONTROLLED
Resource For college Humanities: English
-- Generalities
Arrived date list June2016
-- January2021
942 ## - ADDED ENTRY ELEMENTS (KOHA)
Source of classification or shelving scheme Dewey Decimal Classification
Koha item type Book - Borrowing
Holdings
Withdrawn status Lost status Source of classification or shelving scheme Damaged status Not for loan Collection code Home library Current library Shelving location Date acquired Source of acquisition Cost, normal purchase price Serial Enumeration / chronology Total Checkouts Total Renewals Full call number Barcode Date last seen Date checked out Cost, replacement price Price effective from Koha item type
    Dewey Decimal Classification     ILB Central Library Central Library Second Floor 13/06/2016 Purchase 104.00 8263 3 5 813.54 MAR 000032661 15/07/2025 09/05/2022 130.00 13/06/2016 Book - Borrowing